The pattern recognition basis of artificial intelligence
Αποθηκεύτηκε σε:
| Κύριος συγγραφέας: | |
|---|---|
| Μορφή: | Βιβλίο |
| Γλώσσα: | English |
| Δημοσίευση: |
Los Alamitos, California :
IEEE computer society ,
c1998
|
| Θέματα: | |
| Ετικέτες: |
Προσθήκη ετικέτας
Δεν υπάρχουν, Καταχωρήστε ετικέτα πρώτοι!
|
MARC
| LEADER | 00000nam a2200000 i 4500 | ||
|---|---|---|---|
| 001 | 1/83685 | ||
| 008 | 990608s1998 eng d | ||
| 020 | |a 0-8186-7796-1 | ||
| 035 | |l 10051412 | ||
| 040 | |a GR-MY-UA |b gre |e aacr | ||
| 041 | 0 | |a eng | |
| 082 | 0 | |a 006.3 | |
| 100 | 1 | |a Tveter, Donald R. |d 1951- | |
| 245 | 1 | 4 | |a The pattern recognition basis of artificial intelligence / |c Donald R. Tveter |
| 260 | |a Los Alamitos, California : |b IEEE computer society , |c c1998 | ||
| 300 | |a xiv, 369 p.; |b ill.; |c 26 cm. | ||
| 500 | |a Includes bibliographical references and index | ||
| 650 | 0 | 0 | |a Artificial intelligence. |
| 650 | 0 | 0 | |a Pattern perception. |
| 852 | |a INST |b SAMOS |e 19990608 |h 006.3 TVE |p 005300012600 |q 005300012600 |t BK |y 0 | ||
| 901 | |a BIBL3-1999-2 | ||
| 909 | |a Σ |b 065502 | ||
| 922 | |a 3ΕΛΗ |b 199812 |c ΤΠΕΣ |d ΠΑΠΑΣΩΤΗΡΙΟΥ | ||